WEEE regulations (Record no. 106545)

MARC details
000 -LEADER
fixed length control field 01781cam a2200229 4500
001 - CONTROL NUMBER
control field L136913
008 - FIXED-LENGTH DATA ELEMENTS--GENERAL INFORMATION
fixed length control field 070302n2007 000 0 eng u
035 ## - SYSTEM CONTROL NUMBER
System control number (Sirsi) u136913
041 0# - LANGUAGE CODE
Language code of text/sound track or separate title eng
050 ## - LIBRARY OF CONGRESS CALL NUMBER
Classification number 614.76 $2 18
110 2# - MAIN ENTRY--CORPORATE NAME
Corporate name or jurisdiction name as entry element United Kingdom
Subordinate unit Department of Trade and Industry
245 00 - TITLE STATEMENT
Title WEEE regulations
Remainder of title Government guidance notes
Medium [electronic resource]
260 ## - PUBLICATION, DISTRIBUTION, ETC.
Place of publication, distribution, etc. London
-- TI
Date of publication, distribution, etc. 2007
505 2# - FORMATTED CONTENTS NOTE
Formatted contents note Who is affected by the WEEE Regulations? -- To what electrical and electronic equipment do the WEEE Regulations apply? -- Consumers of Household EEE -- Distributors of EEE in the UK -- Producers of EEE -- Producer Compliance Schemes -- Local Authorities & WEEE -- Non-household EEE & WEEE -- Treatment Facilities and Exporters of WEEE -- Re-use of WEEE as Whole Appliances -- Evidence of Compliance -- The Settlement Centre -- Annex A ? Categories of EEE cover by the WEEE Regulations -- Annex B ? Decision tree on scope issues -- Annex C ? Household & non-household criteria.
520 ## - SUMMARY, ETC.
Summary, etc. Covers the obligations which the WEEE Regulations place on producers who put electrical and electronic equipment (EEE) onto the UK market and obligations on distributors of EEE in the UK. Also covers the roles and implications for others including Local Authorities, the waste management industry, the charitable and voluntary sector, and implications for users and consumers of EEE, and others.
590 ## - LOCAL NOTE (RLIN)
Local note KA NTK
650 24 - SUBJECT ADDED ENTRY--TOPICAL TERM
Topical term or geographic name entry element WASTE ELECTRICAL AND ELECTRONIC EQUIPMENT REGULATIONS
651 #4 - SUBJECT ADDED ENTRY--GEOGRAPHIC NAME
Geographic name United Kingdom
Chronological subdivision
690 ## - LOCAL SUBJECT ADDED ENTRY--TOPICAL TERM (OCLC, RLIN)
Topical term or geographic name as entry element ENVIRONMENTAL AND LAND CONSULTANCY-WASTE MANAGEMENT-HAZARDOUS WASTE TREATMENT
856 40 - ELECTRONIC LOCATION AND ACCESS
Uniform Resource Identifier <a href="https://www.dti.gov.uk/innovation/sustainability/weee/page30269.html">https://www.dti.gov.uk/innovation/sustainability/weee/page30269.html</a>
Public note View the guidance notes free of charge at www.dti.gov.uk...
942 ## - ADDED ENTRY ELEMENTS (KOHA)
Suppress in OPAC 0
Holdings
Withdrawn status Lost status Source of classification or shelving scheme Damaged status Not for loan Home library Current library Shelving location Date acquired Total Checkouts Full call number Barcode Date last seen Copy number Price effective from Koha item type
    Dewey Decimal Classification     Virtual Virtual Online 02/03/2007   ONLINE PUBLICATION 136913-1001 06/08/2019 1 06/08/2019 Book